000 00486nam a2200181Ia 4500
003 OSt
005 20260108113958.0
008 210210b1931 xxu||||| |||| 00| 0 eng d
040 _cAL
041 _aKannada
082 _a859/1184
100 _aBALASARASVATI
_9124031
_dಬಾಲಸರಸ್ವತಿ
245 _aMaharaja simha-2
_bಮಹಾರಾಜ ಸಿಂಹ -೨
260 _aBengaluru
_b-
_c1931
690 _aKannada Fiction
_9124034
906 _a021927
942 _2ddc
_cBK
999 _c146033
_d146033